Statistics for WRC World Rally Championship Host Counties

Click here to take the quiz!

General Stats

  • This quiz has been taken 448 times
    (85 since last reset)
  • The average score is 28 of 36

Answer Stats

HintAnswer% Correct
2019Argentina
94%
2019Finland
94%
2020Sweden
94%
2019United Kingdom
94%
2019Germany
92%
2020Italy
92%
2019Japan
92%
1988United States
92%
2019Portugal
91%
2019France
88%
2020Mexico
86%
2019Spain
86%
1973Austria
85%
2002Kenya
85%
2017Poland
85%
1999China
83%
2018Australia
82%
1982Brazil
82%
2013Greece
82%
2020Monaco
82%
2019Chile
80%
2020Estonia
80%
2020Turkey
80%
2009Norway
78%
2021Belgium
77%
1979Canada
77%
2021Croatia
74%
2012New Zealand
72%
2009Ireland
65%
2023Czech Republic
63%
1976Morocco
58%
1997Indonesia
52%
2009Cyprus
46%
2010Bulgaria
45%
2011Jordan
34%
1992Cote d'Ivoire
20%

Score Distribution

Percentile by Number Answered

Percent of People with Each Score

Your Score History

You have not taken this quiz since the last reset